000
00193 a2200097 4500
020
_a
9788434819290
041
_a
spa
100
_a
company merce
245
_a
la historia de ernesto
942
_c
BK
999
_c
31615
_d
31613